| 000 | 01082nam a22003257a 4500 | ||
|---|---|---|---|
| 003 | CHAP | ||
| 005 | 20220329133523.0 | ||
| 008 | 971013s1993 r 00010 d | ||
| 010 | _a7355 | ||
| 011 | _a8327 | ||
| 035 | _a7553 | ||
| 040 | _cCHAP | ||
| 082 |
_a595.774 _bA5 1993 |
||
| 100 | 0 | 0 |
_aAluja Schuneman, Martin. _94725 |
| 245 | _aManejo integrado de la mosca de la fruta | ||
| 250 | _aEd. rev. y ampl. | ||
| 260 |
_aMéxico, D.F. : _bTrillas, _c1993 |
||
| 300 |
_a251 p. _b: ilus. |
||
| 500 | _a63-72 | ||
| 590 |
_aBATCH-UPD _b10 _c20130110 _lUCH01 _h1250 |
||
| 590 |
_aBATCH-UPD _b10 _c20130410 _lUCH01 _h0812 |
||
| 590 |
_aCONVERSION _b10 _c20130109 _lUCH01 _h1305 |
||
| 650 | 1 | 4 |
_aFruta _xPlagas. _943646 |
| 650 | 1 | 4 |
_aMosca de la fruta. _978989 |
| 901 | _aBK | ||
| 942 | _cLIBRO | ||
| 949 |
_a595.774 A5 1993 _bBC _cLIBRO _d33724000368759 _eLIBRO _fc.3 _gI. c/e _h83817 _i7553 _si _t50.00 |
||
| 949 |
_a595.774 A5 1993 _bBC _cLIBRO _d33724000582326 _eLIBRO _gI. c/e _h83815 _i7553 _si _t50.00 |
||
| 949 |
_a595.774 A5 1993 _bBC _cLIBRO _d33724000678090 _eLIBRO _fc.2 _h83816 _i7553 _si _t50.00 |
||
| 999 |
_c7355 _d7355 |
||